00585nam a2200181Ia 4500003000400000008004100004040001600045082001600061100002300077245012000100260005700220300001000277650001500287650001900302650002200321650003100343650002900374GCL140319s9999 xx 000 0 eng d aGCL / cGCL04a843.09bF H1 aFROLICH, JULIELTTE10aDES HOMMES, DES FEMMES ET DES CHOSES: LANGUAGES DE L'OBJECT DANS LE ROMAN DE BRDZAC A' POURT / cFROLICH, JULIELTTE a[S.N] : bPRESSES UNIVERSITAIRES DE FRANCE ، c1997 a166 P04aLITERATURE04aFRENCH FICTION04aFRENCH LITERATURE04aFRENCH FICTION - CRITICISM04aFRENCH FICTION - HISTORY